01426cam a2200337 a 4500001001400000003000800014005001700022006001900039007001500058008004100073020003800114040003000152050002400182082001400206245011000220260004200330300003100372520027500403521001700678588004700695504005100742650003000793650001800823655002900841700001900870700002600889710001600915730002700931776003500958856009500993EDZ0000020799StDuBDS20161031105118.0m||||||||d||||||||cr |||||||||||110207s2011 cau fo| 001|0|eng|d a9781412994217 (ebook) :cNo price aStDuBDSbengcStDuBDSepn 0aHV1568b.D5699 201104a362.422300aDisability through the life courseh[electronic resource] /cedited by Tamar Heller, Sarah Parker Harris. aThousand Oaks, Calif. :bSAGE,c2011. a1 online resource (320 p.)8 aWith a balance of history, theory, research and application, specialists set out the findings and implications of research and practice for others whose current or future work involves the care and/or study of those with disabilities, as well as the disabled tehmselves. aSpecialized. aDescription based on print version record. aIncludes bibliographical references and index. 0aPeople with disabilities. 0aDisabilities. 7aElectronic books.2local1 aHeller, Tamar.1 aHarris, Sarah Parker.2 aSage eBooks0 aSAGE reference online.08iPrint version :z978141298767740uhttp://ezproxy.alfaisal.edu/login?url=http://sk.sagepub.com/reference/disabilitylifecourse